000 00764nam a2200217 4500
001 86490
003 BD-RjUL
005 20260517114830.0
008 260517s1987 ii ||||| |||| 00| 0 urd d
035 _a(BD-RjUL)86490
040 _aBD-RjUL
_beng
_cBD-RjUL
041 _aurd
082 _223
_a891.439109
_bJAU 1987
100 _aجین، گىان چند .,، / Jain, Giyān Chand
_d 1923-2007,
_918500
245 1 0 _aاردو مثنوى شمالى ہند میں / Urdū mas̲navī shamālī Hind men̲ /
_cگىان چند جین., ،/ Giyān Chand Jain,
260 _a Hind, :
_bانجمن ترقىّ اردو ہند،, Anjuman Taraqqī-yi Urdū Hind,
_c1987
300 _aV. ;
_c18 cm
505 _aVol. 1.--
650 _aUrdu Literature
942 _2ddc
_cBK
999 _c86490
_d86490